|
|
|
|
| LEADER |
00000nam0a2200000 4500 |
| 001 |
365342 |
| 005 |
20231102011757.0 |
| 035 |
|
|
|a (RuTPU)RU\TPU\retro\22705
|
| 090 |
|
|
|a 365342
|
| 100 |
|
|
|a 20211224d1981 k y0rusy50 ca
|
| 101 |
0 |
|
|a rus
|
| 102 |
|
|
|a RU
|
| 105 |
|
|
|a a z 001zy
|
| 200 |
1 |
|
|a Турбулентные сдвиговые течения неньютоновских жидкостей
|e сборник научных трудов
|f Академия наук СССР, Сибирское отделение, Институт теплофизики ; под ред. Б. П. Миронова
|
| 210 |
|
|
|a Новосибирск
|c Изд-во Ин-та теплофизики СО АН СССР
|d 1981
|
| 215 |
|
|
|a 106 с.
|c ил.
|
| 320 |
|
|
|a Библиогр. в конце ст.
|
| 606 |
1 |
|
|a Турбулентное течение
|x Моделирование
|2 stltpush
|3 (RuTPU)RU\TPU\subj\62149
|9 79295
|
| 610 |
1 |
|
|a сдвиговые течения
|
| 610 |
1 |
|
|a неньютоновские течения
|
| 610 |
1 |
|
|a жидкости
|
| 610 |
1 |
|
|a математическое моделирование
|
| 610 |
1 |
|
|a гидродинамическое сопротивление
|
| 675 |
|
|
|a 532.517.4
|v 4
|
| 702 |
|
1 |
|a Миронов
|b Б. П.
|4 340
|
| 712 |
0 |
2 |
|a Академия наук СССР
|b Сибирское отделение
|b Институт теплофизики
|c (Новосибирск)
|2 stltpush
|3 (RuTPU)RU\TPU\col\11307
|9 25030
|
| 801 |
|
1 |
|a RU
|b 63413507
|c 20211224
|
| 801 |
|
2 |
|a RU
|b 63413507
|c 20211224
|g RCR
|
| 942 |
|
|
|c BK
|